রবীনদ্রনাথ ঠাকুরের নাটকে বৌদ্ধ প্রভাব সমীক্ষা / (Record no. 258903)
[ view plain ]
| 000 -LEADER | |
|---|---|
| fixed length control field | 01250nam a22002057a 4500 |
| 003 - CONTROL NUMBER IDENTIFIER | |
| control field | BD-DhUL |
| 005 - DATE AND TIME OF LATEST TRANSACTION | |
| control field | 20240118100031.0 |
| 008 - FIXED-LENGTH DATA ELEMENTS--GENERAL INFORMATION | |
| fixed length control field | 240118s2023 bg ||||| b||| 00| 0 ben d |
| 040 ## - CATALOGING SOURCE | |
| Original cataloging agency | BD-DhUL |
| Transcribing agency | BD-DhUL |
| 082 ## - DEWEY DECIMAL CLASSIFICATION NUMBER | |
| Classification number | 891.442009 |
| Item number | TAR |
| 100 1# - MAIN ENTRY--PERSONAL NAME | |
| Personal name | তালুকদার, বরুন |
| 245 ## - TITLE STATEMENT | |
| Title | রবীনদ্রনাথ ঠাকুরের নাটকে বৌদ্ধ প্রভাব সমীক্ষা / |
| Statement of responsibility, etc. | বরুন তালুকদার |
| Medium | [অভিসন্দর্ভ] |
| 260 ## - PUBLICATION, DISTRIBUTION, ETC. (IMPRINT) | |
| Place of publication, distribution, etc. | ঢাকা : |
| Name of publisher, distributor, etc. | ঢাকা বিশ্ববিদ্যালয়, |
| Date of publication, distribution, etc. | ২০২৩ । |
| 300 ## - PHYSICAL DESCRIPTION | |
| Extent | [৪],viii, ১২১ পৃ. ; |
| Dimensions | 30 সেমি. |
| 504 ## - BIBLIOGRAPHY, ETC. NOTE | |
| Bibliography, etc | অভিসন্দর্ভ (এম.ফিল) ডিগ্রির - - পালি বুদ্বিস্ট স্টাডিজ বিভাগ, ঢাকা বিশ্ববিদ্যালয়, ২০২৩ । গ্রন্থপঞ্জি: পৃ. ১১৭-১২১ । |
| 504 ## - BIBLIOGRAPHY, ETC. NOTE | |
| Bibliography, etc | গ্রন্থপঞ্জি: পৃ. ১১৭-১২১ । |
| 650 ## - SUBJECT ADDED ENTRY--TOPICAL TERM | |
| Topical term or geographic name as entry element | বাংলা নাটক সমালোচনা ও ব্যাখ্যা |
| 650 ## - SUBJECT ADDED ENTRY--TOPICAL TERM | |
| Topical term or geographic name as entry element | Bengali drama |
| Form subdivision | History and criticism |
| 942 ## - ADDED ENTRY ELEMENTS (KOHA) | |
| Source of classification or shelving scheme | |
| Koha item type | Reference |
| Price effective from | Date last seen | Permanent Location | Not for loan | Date acquired | Source of classification or shelving scheme | Koha item type | Lost status | Withdrawn status | Source of acquisition | Collection code | Damaged status | Shelving location | Barcode | Current Location | Full call number |
|---|---|---|---|---|---|---|---|---|---|---|---|---|---|---|---|
| 2024-01-18 | 2024-01-18 | Dhaka University Library | 2024-01-18 | Reference | Gift | Reference | Rare Collection | 522168 | Dhaka University Library | 891.442009 TAR |
